=LDR 00000nam 2200000 4500 =001 INLIS000000000001704 =005 20130612090113 =008 ***********************************Ind** =035 ##$$0010-061300000001704 =041 ##$$a Ind =082 ##$$a 615.9 =090 ##$$a 615.9, Kum p =100 ##$$a Kuman, J.H =245 ##$$a Pengantar umum Soksikologi, J.H Koeman;Penerjemah, R.H Yodono =260 ##$$a 1987 $b Yogyakarta =300 ##$$a 97 hlm, ilus, 21 cm =650 ##$$a Toksikologi =700 ##$$a R.H Yodono =850 ##$$a NBPNMAT